000 00501nam a2200181Ia 4500
001 2140
005 20260306143820.0
008 260306t2017||||xx |||||||||||||| ||spa||
041 _aESP
082 _a615.547
_bC17
100 _aCalero, María Dolores
_eAUT
245 0 _aCUIDA-2:
_bprograma de formación de cuidadores para una estimulación integral de las personas mayores
260 _c2017
300 _a192 páginas :
_c23 cm.
650 _aGEN
654 _aCPS
942 _cLIB
_dJUS
_fJUS
_2ddc
_n
999 _c2140
_d2140